00470 2200193 4500001002100000005001500021008004100036020002200077035001900099041000700118082000800125090001400133100001700147245002600164260003600190300002300226500001100249650001600260INLIS00000000000108320241224112302241224||||||||| | ||| |||| || |  a978-979-518-893-3 0010-1224001083 aid0 a370 a370 MAD i0 amade pidarta00aLandasan kependidikan aJakartabPt. Rineka ciptac2014 axvi,321 hlm.;21 cm acet .3 0aIlmu Sosial